Taylor Swift - Paroles Midnight Rain - Statistiques

Statistiques générales
  • Ce quiz a été pris 100 fois
  • Le résultat moyen est 226 sur 280
Statistiques - réponses
Hint Réponse % Correct
I
100%
he
99%
He
99%
midnight
99%
Intro Rain,
99%
rain
99%
was
99%
a
96%
A
96%
when
96%
pain
94%
my
93%
Couplet 1 My
93%
of
93%
that
93%
the
93%
wanted
93%
wanted,
93%
same
91%
me
90%
sunshine,
90%
sunshine
90%
All
88%
all
88%
like
87%
Like
87%
own
87%
it
86%
Couplet 2 It
86%
comfortable
84%
name
84%
stayed
84%
making
83%
and
81%
And
81%
Chasing
81%
So
80%
bride
78%
But
78%
'cause
78%
'Cause
78%
changed
78%
some,
78%
Some
78%
some
78%
him
77%
never
77%
think
77%
this
77%
this)
77%
TV
77%
fame
75%
I'm
75%
we
75%
midnights
74%
(midnights
74%
on
74%
boy
72%
Except
72%
for
72%
paradise
72%
Full
70%
full
70%
kind
70%
thinks
70%
what
70%
guess
68%
haunted,
68%
haunted
68%
Just
67%
just
67%
every
65%
montage
65%
sometimes
65%
day
62%
get
62%
his
62%
it's
62%
broke
59%
heart
59%
postcard
59%
came
58%
love
58%
nice
57%
away
55%
gave
55%
life
54%
in
52%
wasteland
52%
ocean
51%
town
51%
off
49%
time
49%
potion
48%
pretenders
46%
window
46%
cages,
45%
motion,
45%
slow
45%
candy
42%
queens
42%
deep
41%
through
39%
perfect,
35%
things
35%
family
33%
Pageant
33%
unravel
33%
Picture
30%
travel
29%
peppermint
28%
shiny
28%
fences
26%
Jumping
26%
Holiday,
25%
portal,
22%
big
17%
peered
12%
Aucun quiz correspondant
Distribution des résultats
% des personnes avec chaque résultat
Percentile par nombre de réponses
Votre historique - résultats
Vous n’avez pas pris ce quiz